| 000 | 00786nam0a22002651 4500 | ||
|---|---|---|---|
| 001 | RU\NLR\A1SV\150355 | ||
| 005 | 20251203171251.9 | ||
| 035 | _a(NLR Aleph) 011852189 | ||
| 090 |
_a12108121 _c12108121 |
||
| 100 | _a20181031d1924 u y0rusy50 ca | ||
| 101 | 0 | _arus | |
| 102 | _aRU | ||
| 200 | 1 |
_aУÑÑав акÑионеÑного обÑеÑÑва "Тепло и Ñила" _eУÑв. 19 апÑ. 1924 г. |
|
| 210 |
_aÐ. _cТип. им. ÐÑÑема Ñ-ва "ÐкваÑоÑ" _d1924 |
||
| 215 |
_a23 Ñ. _d23 Ñм |
||
| 300 | _aÐез ÑиÑ. л. | ||
| 620 | _dÐоÑква | ||
| 710 | 0 | 2 |
_a"Тепло и Ñила", акÑ. о-во _cÐоÑква |
| 801 | 0 |
_aRU _bNLR _c20181031 |
|
| 899 | _aÐ ÐÐ | ||
| 899 | _aÐ ÐÐ | ||
| 942 | _cBOOK | ||
| 980 | _aNB | ||
| 980 | _aA1SV | ||